Missing Word: This Day in History (May) Quiz Stats

 Plays Quiz not verified by Sporcle

Challenge
Share
Tweet
Embed
Score 0/31 Timer 05:00
0 Plays Today
Date Answer % Correct
1st (1931)Empire
97.5%
2nd (1997)Blair
92.5%
4th (1932)Tax
91.8%
30th (1431)Joan
90.2%
9th (1974)Nixon
89.8%
25th (1977)Wars
89.1%
23rd (1934)Bonnie
88.2%
16th (1770)Louis
86.4%
29th (1942)White
85.7%
20th (1873)Jeans
84.8%
26th (1897)Dracula
83.6%
28th (1588)Spanish
79.5%
14th (1804)Lewis
77%
11th (1949)Siam
75.9%
10th (1863)Jackson
75.5%
3rd (1936)Yankees
74.8%
Date Answer % Correct
8th (2008)Torch
73.6%
6th (1937)Hindenburg
73.4%
13th (1981)Peter's
71.1%
31st (1859)Ben
65.7%
21st (1927)Paris
64.1%
5th (1821)Helena
61.1%
18th (1974)India
56.8%
19th (1897)Wilde
56.6%
7th (1941)Chattanooga
48.2%
17th (1875)Churchill
43%
24th (1844)God
42.7%
27th (1941)Bismarck
36.4%
12th (1870)Manitoba
31.6%
22nd (1990)Yemen
18%
15th (1990)Doctor
11.6%

You're not logged in!

Compare scores with friends on all Sporcle quizzes.
Join for Free
OR
Log In

You Might Also Like...

Show Comments

Extras

Curator's Pick May 12, 2015ReportNominate
Tags:Missing Word Quiz, date, May, relating

Top Quizzes Today


Score Distribution

Your Account Isn't Verified!

In order to create a playlist on Sporcle, you need to verify the email address you used during registration. Go to your Sporcle Settings to finish the process.

Report this User

Report this user for behavior that violates our Community Guidelines.

Details: